Письмо Миллера - начальника штаба Московского военного округа - Шиллингу М. Ф.

Доступно только в Электронных читальных залах Найти на картеНа карте
RUSMARC
00004240nac2a22003013x 450
001b6e4fb4d-5124-4477-b903-9025588736da
00520211214014454.0
100##$a20211120l1913 k y0rusy50 ca
1010#$arus
102##$aRU
105##$ay z |||||
1220#$ad19130916
2001#$aПисьмо Миллера - начальника штаба Московского военного округа - Шиллингу М. Ф.
$j16 сентября 1913
215##$a3 листа
251##$cДело
300##$aЗаголовок дела на папке: Письмо Миллера (начальника Московского военного округа) Шиллингу М. Ф.
300##$aНа папке дела: 1913 г.
300##$aЛист: 1 - конверт с маркой
300##$aРукописный текст
330##$aВходит в раздел описи: 3. Документы о научной и литературной деятельности барона Шиллинга М. Ф.. Письма разных лиц Шиллингу М. Ф.
461#0$1001ff9fc58f-089b-437b-980d-902343bc59d8
$12001
$aШиллинг Маврикий Фабианович, барон, секретарь русского посольства в Вене
$1251
$cФонд
$1852
$j813
462#0$1001665c067c-d934-4316-b9df-5bf0ad49190b
$12001
$aДела постоянного хранения. 1817-1917
$vД. 330
$1251
$cОпись
$1852
$j1
5171#$aПисьмо Миллера (начальника Московского военного округа) Шиллингу М. Ф.
600#1$aШиллинг
$bМ. Ф.
$cбарон
$gМаврикий Фабианович
600#1$aМиллер
801#0$aRU
$bGA_RF
801#1$aRU
$bГлавНИВЦ
$c20211120
$2rusmarc
801#2$aRU
$bПБ им. Б.Н. Ельцина
$c20211214
$gRCR
$2rusmarc
852##$aГА РФ
$j330
937##$d171563869
$hГАРФ
035##$aRuPRLIB51061122
856##$uhttp://readingroom.main.prlib.ru/item.aspx?id_node=n171563869&mode=full
Формат отображения